000 00610nam a2200193Ia 4500
003 GCL
008 140319s9999 xx 000 0 ara d
040 _aGCL /
_cGCL
082 0 4 _a791.43
_bك ف
100 1 _aكاراغانوف، ا. ن
245 1 0 _aالفن السينمائى وصراع الافكار /
_cكاراغانوف، ا. ن
700 1 _aممدوح ابوالوى
260 _aسوريا :
_bدار دمشق للنشر والتوزيع والطباعة ،
_c1986
300 _a213ص ؛
_c24 سم
490 _a
650 0 4 _aالدراما
650 0 4 _aالسينما
942 _2ddc
_cBK
999 _c44810
_d44810